Homenaje a la memoria de Don Julio Luelmo (Record no. 4166)

MARC details
000 -LEADER
campo de control de longitud fija 01684nkm a2200361 i 4500
001 - NÚMERO DE CONTROL
campo de control 4166
003 - IDENTIFICADOR DE NÚMERO DE CONTROL
campo de control ES-MaACL
005 - FECHA Y HORA DE LA ÚLTIMA TRANSACCIÓN
campo de control 20250713062939.0
007 - CAMPO FIJO DE DESCRIPCIÓN FÍSICA--INFORMACIÓN GENERAL
campo de control de longitud fija khrbo
008 - DATOS DE LONGITUD FIJA--INFORMACIÓN GENERAL
campo de control de longitud fija 070629s1987 sp --- g |001||spa d
100 0# - ENTRADA PRINCIPAL--NOMBRE DE PERSONA
Nombre de persona Alfonso,
Fechas asociadas al nombre 1902-1990
Término indicativo de función/relación Fotógrafo
9 (RLIN) 19858
245 10 - MENCIÓN DEL TÍTULO
Título Homenaje a la memoria de Don Julio Luelmo
Medio [Fotografía] /
Mención de responsabilidad, etc. Alfonso (sello).
260 ## - PUBLICACIÓN, DISTRIBUCIÓN, ETC.
Lugar de publicación, distribución, etc. [S.l. :
Nombre del editor, distribuidor, etc. s.n.],
Fecha de publicación, distribución, etc. 1987.
300 ## - DESCRIPCIÓN FÍSICA
Extensión 6 fotografías :
Otras características físicas blanco y negro ;
Dimensiones 12 x 18 cm.
500 ## - NOTA GENERAL
Nota general Datos basados en invitación
500 ## - NOTA GENERAL
Nota general Se procedió a la colocación del retrato de Julio Luelmo en la Galería de personalidades del Ateneo
511 0# - NOTA DE PARTICIPANTES O INTÉRPRETES
Nota de participantes o intérpretes Intervienen: José Prat García, César Navarro de Francisco, Eduardo González Peribáñez, César Herrero Herrero, Juan A. Portela
518 ## - NOTA DE FECHA/HORA Y LUGAR DE UN ACONTECIMIENTO
Nota de fecha/hora y lugar de un acontecimiento Acto organizado por el Ateneo de Madrid, celebrado en el salón de actos el jueves, 3 de diciembre de 1987, a las 20:00 h
600 14 - PUNTO DE ACCESO ADICIONAL DE MATERIA--NOMBRE DE PERSONA
9 (RLIN) 74629
Nombre de persona Luelmo, Julio,
Fechas asociadas al nombre 1906-1986
610 24 - PUNTO DE ACCESO ADICIONAL DE MATERIA--NOMBRE DE ENTIDAD CORPORATIVA
Nombre de entidad corporativa o nombre de jurisdicción como elemento de entrada Ateneo de Madrid-
Subdivisión general Actos culturales-
Subdivisión cronológica 1987-
Subdivisión de forma Fotografías.
9 (RLIN) 1902
700 1# - ENTRADA AGREGADA--NOMBRE PERSONAL
9 (RLIN) 93665
Nombre de persona Prat, José,
Fechas asociadas al nombre 1905-1994
700 1# - ENTRADA AGREGADA--NOMBRE PERSONAL
9 (RLIN) 85113
Nombre de persona Navarro de Francisco, César,
Fechas asociadas al nombre 1932-
700 1# - ENTRADA AGREGADA--NOMBRE PERSONAL
9 (RLIN) 58871
Nombre de persona González Peribáñez, Eduardo
700 1# - ENTRADA AGREGADA--NOMBRE PERSONAL
9 (RLIN) 63319
Nombre de persona Herrero Herrero, César
700 0# - ENTRADA AGREGADA--NOMBRE PERSONAL
9 (RLIN) 93203
Nombre de persona Portela, Juan A.
710 2# - ENTRADA AGREGADA--NOMBRE DE ENTIDAD CORPORATIVA
Nombre de entidad corporativa o nombre de jurisdicción como elemento de entrada Ateneo de Madrid.
9 (RLIN) 1875
852 ## - LOCALIZACIÓN
Ubicación ES-MaACL
Número de control de estantería FOT 231/1987
Ubicación en estantería Depósito Z
856 4# - LOCALIZACIÓN Y ACCESO ELECTRÓNICOS
Identificador Uniforme de Recursos <a href="http://www.ateneodemadrid.net/biblioteca_digital/imagenes/1987/0231_01-1987.jpg">http://www.ateneodemadrid.net/biblioteca_digital/imagenes/1987/0231_01-1987.jpg</a>
Nota pública Ver imagen
856 4# - LOCALIZACIÓN Y ACCESO ELECTRÓNICOS
Identificador Uniforme de Recursos <a href="http://www.ateneodemadrid.net/biblioteca_digital/imagenes/1987/0231_02-1987.jpg">http://www.ateneodemadrid.net/biblioteca_digital/imagenes/1987/0231_02-1987.jpg</a>
Nota pública Ver imagen
942 ## - ELEMENTOS DE ENTRADA SECUNDARIOS (KOHA)
Fuente del sistema de clasificación o colocación Clasificación decimal universal
Tipo de ítem Koha Fotografía
Suprimir en OPAC No
Holdings
Estatus retirado Estado de pérdida Estado de daño No para préstamo Colección Biblioteca de origen Biblioteca actual Ubicación en estantería Fecha de adquisición Fuente de adquisición Total de préstamos Signatura topográfica completa Código de barras Visto por última vez Precio de reemplazo Tipo de ítem Koha
        Colección digital Biblioteca del Ateneo de Madrid Biblioteca del Ateneo de Madrid Depósito Z 17/01/2008     FOT 231/1987 1004229 23/02/2023 23/02/2023 Fotografía